Chapman Library

An Introduction to the old testament (Record no. 4683)

000 -LEADER
fixed length control field 00441nam a22001337a 4500
020 ## - INTERNATIONAL STANDARD BOOK NUMBER
ISBN 0310432502
050 ## - LIBRARY OF CONGRESS CALL NUMBER
Classification number BS1140.2 dil
100 ## - MAIN ENTRY--AUTHOR NAME
Personal name DILLARD, Raymond B. and LONGMAN iii, Tremper
245 ## - TITLE STATEMENT
Title An Introduction to the old testament
260 ## - PUBLICATION, DISTRIBUTION, ETC. (IMPRINT)
Place of publication Grand Rapid, Michigan
Name of publisher Zondervan Publishing House
Year of publication 1994
300 ## - PHYSICAL DESCRIPTION
Number of Pages 473p.;illus,includes bibliographical references and indexes
650 ## - SUBJECT ADDED ENTRY--TOPICAL TERM
Topical Term 1. Bible O.T. Introduction
942 ## - ADDED ENTRY ELEMENTS (KOHA)
Koha item type Books
Holdings
Koha item type Collection code Shelving location Accession Number Permanent Location Current Location Date acquired Full call number
BooksLendingLending7089 Chapman LibraryChapman Library2018-04-30BS 1140.2 dil


CSUC Chapman Library is a Koha Automated Library.


Contact us: library@csuc.edu.gh.